Basketball Positions in 15 Seconds! - Statistics

General Stats
  • This quiz has been taken 3,871 times
  • The average score is 3 of 5
Answer Stats
Hint Answer % Correct
Point Guard
88%
Center
67%
Shooting Guard
67%
Small Forward
51%
Power Forward
46%
No matching quizzes found
Score Distribution
Percent of People with Each Score
Percentile by Number Answered
Your Score History
You have not taken this quiz